000 00460nam a2200193Ia 4500
008 101110s9999 xx 000 0 und d
041 _aMARATHI
082 _bJR63
100 _aPadhye M.D, Kulkarni P.R.
245 _aSahakarachi karyapadhati
365 _b4.3
520 _aCommerce
546 _aMARATHI
630 _aSahakarachi karyapadhati
650 _aCommerce
655 _aCommerce
730 _aSahakarachi karyapadhati
942 _cBOOK
999 _c793379
_d793376